TEXT BOOK OF ORTHODONTICS (Record no. 9534)

MARC details
000 -LEADER
fixed length control field 00304nam a22001457a 4500
003 - CONTROL NUMBER IDENTIFIER
control field SGT
082 ## - DEWEY DECIMAL CLASSIFICATION NUMBER
Item number O15G
Classification number 617.643
100 ## - MAIN ENTRY--PERSONAL NAME
Personal name GOYAL,SANDEEP
245 ## - TITLE STATEMENT
Title TEXT BOOK OF ORTHODONTICS
250 ## - EDITION STATEMENT
Edition statement 1ST
260 ## - PUBLICATION, DISTRIBUTION, ETC. (IMPRINT)
Place of publication, distribution, etc NEW DELHI
Name of publisher, distributor, etc CBS
Year of Publication 2015
300 ## - PAGE DESCRIPTION
No. of Pages 877
650 ## - SUBJECT ADDED ENTRY--TOPICAL TERM
Topical term or geographic name as entry element ORTHODONTICS
942 ## - ADDED ENTRY ELEMENTS (KOHA)
Source of classification or shelving scheme Dewey Decimal Classification
Koha item type Books
942 ## - ADDED ENTRY ELEMENTS (KOHA)
-- 1
Holdings
Withdrawn status Lost status Source of classification or shelving scheme Damaged status Not for loan Home library Current library Shelving location Date acquired Vendor Name Cost, normal purchase price SGTU Bill Number Total Checkouts Full call number Accession No. (Barcode) Date last seen Date last borrowed Bill Date Koha item type
    Dewey Decimal Classification     SGT Dental Library SGT Dental Library Text Book 12/07/2016 ABC DELHI 550.00 SGTU NIL 2 617.643 O15G FD7313 18/10/2021 18/10/2021 12/07/2016 Books
    Dewey Decimal Classification     SGT Dental Library SGT Dental Library Text Book 12/07/2016 ABC DELHI 550.00 SGTU NIL 1 617.643 O15G FD7314 06/10/2025 27/09/2025 12/07/2016 Books
    Dewey Decimal Classification     SGT Dental Library SGT Dental Library Text Book 12/07/2016 ABC DELHI 550.00 SGTU NIL 1 617.643 O15G FD7315 19/03/2020 12/03/2020 12/07/2016 Books